Т. 1; Бандитский Петербург

Bibliografske podrobnosti
Parent link:Бандитский Петербург: документальные очерки/ А. Константинов. Т. 1.— , 2004-
Izvleček:В этом новом дополненном издании книги «Бандитский Петербург» мы попытались подвести некие промежуточные итоги нашей десятилетней работы по исследованию преступности города. Кроме того, поскольку само издание выпадает на год 300-летия Петербурга, мы постарались проследить всю трехсотлетнюю историю развития питерской преступности и показать некий конец бандитской эпохи, который пришелся на закат тысячелетия. Период гангстерских войн закончился. Сегодня уже можно сказать, что тьма криминального беспредела, накрывшая наш город в начале тяжелых и смутных 90-х годов, все-таки рассеивается. Мы все-таки дожили до рассвета.
Jezik:ruščina
Izdano: 2004
Teme:
Format: Knjiga
KOHA link:https://koha.lib.tpu.ru/cgi-bin/koha/opac-detail.pl?biblionumber=104098

MARC

LEADER 00000nam2a2200000 4500
001 104098
005 20231031113847.0
010 |a 5765433596 
035 |a (RuTPU)RU\TPU\book\112210 
090 |a 104098 
100 |a 20061026d2004 m y0rusy50 ca 
101 0 |a rus 
102 |a RU 
105 |a a z 000ay 
200 0 |a Т. 1 
210 |d 2004 
215 |a 479 с.  |c ил. 
330 |a В этом новом дополненном издании книги «Бандитский Петербург» мы попытались подвести некие промежуточные итоги нашей десятилетней работы по исследованию преступности города. Кроме того, поскольку само издание выпадает на год 300-летия Петербурга, мы постарались проследить всю трехсотлетнюю историю развития питерской преступности и показать некий конец бандитской эпохи, который пришелся на закат тысячелетия. Период гангстерских войн закончился. Сегодня уже можно сказать, что тьма криминального беспредела, накрывшая наш город в начале тяжелых и смутных 90-х годов, все-таки рассеивается. Мы все-таки дожили до рассвета. 
461 1 |0 (RuTPU)RU\TPU\book\113383  |t Бандитский Петербург  |o документальные очерки  |o в 2 т.  |f А. Константинов  |v Т. 1  |d 2004- 
610 1 |a русская литература 
610 1 |a романы 
610 1 |a криминальные романы 
610 1 |a детективы 
610 1 |a боевики 
801 1 |a RU  |b 63413507  |c 20061026  |g PSBO 
801 2 |a RU  |b 63413507  |c 20061114  |g PSBO 
942 |c BK